00430nam a22001577a 450000500170000000800410001702000180005802000150007604100120009105000270010310000230013024500340015326000460018730000100023365000290024320160620132156.0160620b xxu||||| |||| 00| 0 eng d a9789966846396 a9966846395 aSwahili aAFR PL8704b.M3Z3 1975 aChimerah, Rocha M. aMnara wawaka moto:bUhalifu / aNairobi :bNairobi University Pressc1975 a113p. aSwahili languagexFasihi